| 000 | 00352nam a2200109Ia 4500 | ||
|---|---|---|---|
| 008 | 231129s9999||||xx |||||||||||||| ||spa|| | ||
| 020 | _a978-958-709-417-6 | ||
| 082 | _aR 613.2 V648v | ||
| 245 | 0 | _aVida sana: todas las claves para una vida plena y saludable | |
| 264 | _aBogotá Colombia : El Tiempo | ||
| 942 |
_2ddc _cBKS |
||
| 999 |
_c26284 _d26284 |
||